[Event "Brasilia Centro Oeste-ch"]
[Site "Brasilia"]
[Date "2017.09.24"]
[Round "6"]
[White "Wolff, Carlos Alberto"]
[Black "Brito, Paulo Roberto Ferr"]
[Result "1-0"]
[WhiteElo "1840"]
[BlackElo "1546"]
[PlyCount "63"]
[EventDate "2017.09.22"]
[EventType "swiss"]
[EventRounds "6"]
[EventCountry "BRA"]
[SourceTitle "CBM 180 Extra"]
[Source "ChessBase"]
[SourceDate "2017.10.06"]
[SourceVersion "1"]
[SourceVersionDate "2017.10.06"]
[SourceQuality "1"]

1. e4 c5 2. c4 d6 3. Nc3 g6 4. f4 Bg7 5. d3 Nc6 6. Nf3 Bg4 7. Be2 Nf6 8. 0-0 0-0 9. h3 Bd7 10. Qe1 Nh5 11. g4 Nf6 12. Qh4 Ne8 13. f5 Nd4 14. Bh6 Nxf3+ 15. Rxf3 Bd4+ 16. Kh1 Ng7 17. Raf1 Bf6 18. g5 Be5 19. f6 exf6 20. gxf6 Nf5 21. Rxf5 Bxf5 22. Rxf5 Re8 23. Nd5 Qd7 24. Rxe5 Rxe5 25. Ne7+ Rxe7 26. fxe7 Re8 27. Bg5 Qe6 28. Bf6 d5 29. Bg4 Qd6 30. e5 Qc6 31. Qh6 dxc4+ 32. Kg1 1-0

[Event "Goiania op"]
[Site "Goiania"]
[Date "2017.05.26"]
[Round "1"]
[White "Mourao, Igor AC Lofredo"]
[Black "Brito, Paulo Roberto Ferr"]
[Result "1-0"]
[WhiteElo "2108"]
[BlackElo "1550"]
[PlyCount "39"]
[EventDate "2017.05.26"]
[EventType "swiss"]
[EventRounds "6"]
[EventCountry "BRA"]
[SourceTitle "CBM 178 Extra"]
[Source "ChessBase"]
[SourceDate "2017.06.22"]
[SourceVersion "1"]
[SourceVersionDate "2017.06.22"]
[SourceQuality "1"]

1. d4 d5 2. c4 e6 3. Nc3 g6 4. Nf3 Bg7 5. Bg5 Nf6 6. e3 0-0 7. Bd3 c6 8. Ne5 Qc7 9. f4 Nbd7 10. Qf3 Ne8 11. Qh3 dxc4 12. Bxc4 Nb6 13. Bb3 Nd5 14. Ng4 Kh8 15. 0-0 Nxc3 16. bxc3 h5 17. Ne5 Nd6 18. g4 Bxe5 19. gxh5 Bg7 20. hxg6+ 1-0

[Event "Goiania op"]
[Site "Goiania"]
[Date "2016.05.13"]
[Round "2"]
[White "De Moura, Valderi Nascimento"]
[Black "Brito, Paulo Roberto Ferr"]
[Result "1-0"]
[WhiteElo "1775"]
[BlackElo "1587"]
[PlyCount "91"]
[EventDate "2016.05.13"]
[EventType "swiss"]
[EventRounds "6"]
[EventCountry "BRA"]
[SourceTitle "CBM 172 Extra"]
[Source "ChessBase"]
[SourceDate "2016.06.21"]
[SourceVersion "1"]
[SourceVersionDate "2016.06.21"]
[SourceQuality "1"]

1. e4 c5 2. Nf3 d6 3. g3 g6 4. Bg2 Bg7 5. d3 Nf6 6. Nc3 0-0 7. h3 Nc6 8. Be3 a6 9. Qd2 Re8 10. Nh2 e5 11. f3 Nd4 12. Ng4 Nh5 13. Qf2 Nxg3 14. Qxg3 Nxc2+ 15. Kf2 Nxa1 16. Rxa1 f5 17. exf5 Bxf5 18. Ke2 Qb6 19. b3 d5 20. Nh6+ Bxh6 21. Bxh6 Qe6 22. Rd1 c4 23. bxc4 dxc4 24. Ne4 cxd3+ 25. Kf2 Bxe4 26. fxe4 Rac8 27. Rxd3 Rc2+ 28. Kg1 Qb6+ 29. Kh2 Rc1 30. Bxc1 Qc7 31. Bh6 Qf7 32. Rd5 Qc7 33. Qg4 b5 34. Rd7 Qc8 35. Rg7+ Kh8 36. Qh4 Qe6 37. Qg5 Rg8 38. Re7 Qd6 39. Qxe5+ Qxe5+ 40. Rxe5 Rd8 41. Rd5 Rxd5 42. exd5 Kg8 43. d6 Kf7 44. d7 Ke7 45. Bc6 Kd8 46. Bg5+ 1-0

[Event "Anapolis STD op"]
[Site "Anapolis"]
[Date "2015.08.16"]
[Round "5"]
[White "Costa, Thiago Constantino"]
[Black "Brito, Paulo Roberto Ferr"]
[Result "1/2-1/2"]
[WhiteElo "1475"]
[BlackElo "1624"]
[PlyCount "46"]
[EventDate "2015.08.14"]
[EventType "swiss"]
[EventRounds "6"]
[EventCountry "BRA"]
[SourceTitle "EXT 2016"]
[Source "ChessBase"]
[SourceDate "2015.10.08"]
[SourceVersion "1"]
[SourceVersionDate "2015.10.08"]
[SourceQuality "1"]

1. d4 d5 2. Nf3 g6 3. c4 Bg4 4. e3 Bg7 5. h3 Bxf3 6. Qxf3 Nf6 7. b3 0-0 8. Bb2 c6 9. Nd2 Nbd7 10. Qd1 e5 11. Nf3 exd4 12. Bxd4 Ne4 13. Bxg7 Kxg7 14. cxd5 Qa5+ 15. Nd2 Qxd2+ 16. Qxd2 Nxd2 17. Kxd2 cxd5 18. Rc1 Rac8 19. Be2 Nf6 20. f3 Nh5 21. g4 Ng3 22. Rxc8 Rxc8 23. Re1 Nxe2 1/2-1/2

[Event "Brasilia Centro Oeste-ch"]
[Site "Brasilia"]
[Date "2015.05.15"]
[Round "6"]
[White "Brito, Paulo Roberto Ferr"]
[Black "Taira, Erick Hideki"]
[Result "0-1"]
[WhiteElo "1651"]
[BlackElo "1566"]
[PlyCount "86"]
[EventDate "2015.05.15"]
[EventType "swiss"]
[EventRounds "6"]
[EventCountry "BRA"]
[SourceTitle "CBM 166 Extra"]
[Source "ChessBase"]
[SourceDate "2015.06.18"]
[SourceVersion "1"]
[SourceVersionDate "2015.06.18"]
[SourceQuality "1"]

1. d4 d5 2. e3 e6 3. Bd3 Nf6 4. Nd2 Be7 5. f4 Nbd7 6. Ngf3 b6 7. Ne5 Nxe5 8. fxe5 Nd7 9. 0-0 c5 10. c3 Bb7 11. Qh5 g6 12. Qh6 Bf8 13. Qf4 Qe7 14. Nf3 Bg7 15. e4 c4 16. Bc2 h5 17. Ng5 Bh6 18. Qxf7+ Qxf7 19. Nxf7 Bxc1 20. Nxh8 Bxb2 21. Rab1 Bxc3 22. exd5 Bxd5 23. Bxg6+ Kd8 24. Nf7+ Kc7 25. Bxh5 Bxd4+ 26. Kh1 Be4 27. Rb4 Bd3 28. Rf6 Nxf6 29. exf6 Bxf6 30. h3 Kd7 31. g4 c3 32. g5 Bg7 33. Bd1 Rf8 34. Ba4+ Ke7 35. Nh6 b5 36. Bb3 Rf1+ 37. Kg2 Rb1 38. Ng8+ Kf7 39. Nh6+ Kf8 40. Rf4+ Ke7 41. Ng4 Rxb3 42. Ne3 Rb2+ 43. Kf3 c2 0-1

[Event "Goiania Goias-ch"]
[Site "Goiania"]
[Date "2015.02.27"]
[Round "1"]
[White "Brito, Paulo Roberto Ferr"]
[Black "Froes, Leonardo Sanches"]
[Result "0-1"]
[WhiteElo "1627"]
[BlackElo "1958"]
[PlyCount "42"]
[EventDate "2015.02.27"]
[EventType "swiss"]
[EventRounds "6"]
[EventCountry "BRA"]
[SourceTitle "CBM 165 Extra"]
[Source "ChessBase"]
[SourceDate "2015.04.21"]
[SourceVersion "1"]
[SourceVersionDate "2015.04.21"]
[SourceQuality "1"]

1. d4 Nf6 2. e3 g6 3. Bd3 Bg7 4. f4 d6 5. Nf3 0-0 6. c3 Re8 7. 0-0 Nc6 8. e4 e5 9. d5 Nb8 10. c4 exf4 11. Nc3 Nh5 12. Qc2 Na6 13. Nb5 Nc5 14. Rb1 a6 15. Nbd4 a5 16. b3 Qe7 17. Rd1 Bg4 18. Bd2 Nd7 19. Rf1 Ne5 20. Rbe1 Bxf3 21. Nxf3 Nxd3 0-1

[Event "Goiania Goias-ch"]
[Site "Goiania"]
[Date "2015.02.27"]
[Round "2"]
[White "Di Simoni, Rafaela Moura"]
[Black "Brito, Paulo Roberto Ferr"]
[Result "1-0"]
[WhiteElo "1668"]
[BlackElo "1627"]
[PlyCount "69"]
[EventDate "2015.02.27"]
[EventType "swiss"]
[EventRounds "6"]
[EventCountry "BRA"]
[SourceTitle "CBM 165 Extra"]
[Source "ChessBase"]
[SourceDate "2015.04.21"]
[SourceVersion "1"]
[SourceVersionDate "2015.04.21"]
[SourceQuality "1"]

1. d4 d5 2. c4 e6 3. Nc3 Nf6 4. Nf3 Be7 5. e3 0-0 6. Bd3 h6 7. 0-0 b6 8. Qc2 Bb7 9. Re1 Nbd7 10. e4 dxe4 11. Nxe4 Nxe4 12. Bxe4 Bxe4 13. Qxe4 Nf6 14. Qc2 c5 15. dxc5 Bxc5 16. Be3 Qe7 17. Bxc5 Qxc5 18. Rad1 Rac8 19. b3 b5 20. Rc1 Rc7 21. Nd2 Rd8 22. Ne4 Nxe4 23. Rxe4 Rcd7 24. Re2 Qg5 25. h3 bxc4 26. Qxc4 Rd4 27. Qc2 Rd3 28. Kh1 R3d5 29. Kg1 Rb8 30. Qc7 Rbb5 31. Rec2 a5 32. Qc8+ Rd8 33. Qxd8+ Kh7 34. Qxg5 hxg5 35. Rc5 1-0

[Event "Goias zt"]
[Site "Itaborai"]
[Date "2012.04.21"]
[Round "3"]
[White "Froes, Leonardo Sanches"]
[Black "Brito, Paulo Roberto Ferr"]
[Result "1-0"]
[WhiteElo "1886"]
[BlackElo "1692"]
[PlyCount "85"]
[EventDate "2012.04.20"]
[EventType "swiss"]
[EventRounds "6"]
[EventCountry "BRA"]
[SourceTitle "CBM 148 Extra"]
[Source "ChessBase"]
[SourceDate "2012.06.22"]
[SourceVersion "1"]
[SourceVersionDate "2012.06.22"]
[SourceQuality "1"]

1. d4 Nf6 2. Nf3 d5 3. Bf4 Bg4 4. Nbd2 e6 5. c3 Bd6 6. Ne5 Bf5 7. Qb3 Nbd7 8. e3 0-0 9. Be2 Rb8 10. 0-0 Bxe5 11. dxe5 Ng4 12. e4 dxe4 13. Bxg4 Bxg4 14. Nxe4 Bf5 15. Ng3 Bg6 16. Rad1 Qe7 17. Rfe1 Rfd8 18. c4 b6 19. Qe3 h6 20. Ne2 Qb4 21. b3 Nc5 22. Nd4 Be4 23. f3 Bb7 24. Re2 Na6 25. Red2 Qe7 26. Nb5 Nb4 27. Qe2 a6 28. Nc3 c5 29. Rd6 Nc6 30. Na4 Ba8 31. Rxd8+ Rxd8 32. Nxb6 Nd4 33. Qf1 Qb7 34. Nxa8 Qxa8 35. Be3 Qb8 36. Bxd4 Rxd4 37. Rxd4 cxd4 38. f4 Qd8 39. Qd3 a5 40. Kf2 Qb6 41. a3 f5 42. exf6 e5 43. fxe5 1-0

[Event "BRA-ch Amateur"]
[Site "Goiania"]
[Date "2012.02.20"]
[Round "5"]
[White "Brito, Paulo Roberto Ferr"]
[Black "Maquieira, Victor Rodrigues A"]
[Result "1-0"]
[WhiteElo "1771"]
[BlackElo "1810"]
[PlyCount "127"]
[EventDate "2012.02.18"]
[EventType "swiss"]
[EventRounds "7"]
[EventCountry "BRA"]
[SourceTitle "CBM 147 Extra"]
[Source "ChessBase"]
[SourceDate "2012.04.24"]
[SourceVersion "1"]
[SourceVersionDate "2012.04.24"]
[SourceQuality "1"]

1. d4 d5 2. e3 Nf6 3. Bd3 g6 4. f4 Bg7 5. Nf3 Nc6 6. Nbd2 0-0 7. c3 b6 8. 0-0 Bb7 9. Ne5 Nxe5 10. fxe5 Nd7 11. e4 e6 12. exd5 Bxd5 13. Be4 Bxe4 14. Nxe4 f6 15. exf6 Nxf6 16. Bg5 h6 17. Bxf6 Bxf6 18. Qg4 Bg7 19. Qxe6+ Kh8 20. Rxf8+ Qxf8 21. Rf1 Qe8 22. Qg4 h5 23. Qf3 Qf8 24. Qf7 Qxf7 25. Rxf7 Re8 26. Ng5 Rc8 27. Ne6 Bh6 28. Kf1 Kg8 29. Rxc7 Rxc7 30. Nxc7 Kf7 31. g3 Bc1 32. b3 Bb2 33. Nd5 Ke6 34. Nf4+ Kf5 35. Ne2 Ke4 36. Kf2 g5 37. h3 Kd3 38. d5 Ba3 39. b4 a5 40. d6 axb4 41. d7 Kc2 42. cxb4 Bxb4 43. d8Q Bc5+ 44. Kf3 Kb2 45. Qd2+ Ka3 46. Qc2 Kb4 47. Qb3+ Ka5 48. a4 Ka6 49. Qb5+ Ka7 50. a5 Kb7 51. axb6 Bxb6 52. Nd4 Ka7 53. Ne6 g4+ 54. hxg4 hxg4+ 55. Kxg4 Kb7 56. Nc5+ Kc7 57. Ne6+ Kb7 58. Kf5 Ka7 59. g4 Ka8 60. Qd7 Bc7 61. Nxc7+ Kb8 62. Nb5 Ka8 63. Nd6 Kb8 64. Qb7# 1-0

[Event "Brazil Xadrez Brasil op"]
[Site "Brazil"]
[Date "2010.11.14"]
[Round "4"]
[White "Barbalho, Gislaine Santos"]
[Black "Brito, Paulo Roberto Ferr"]
[Result "0-1"]
[WhiteElo "1575"]
[BlackElo "1599"]
[PlyCount "28"]
[EventDate "2010.11.12"]
[EventType "swiss"]
[EventRounds "7"]
[EventCountry "BRA"]
[SourceTitle "EXT 2013"]
[Source "ChessBase"]
[SourceDate "2012.11.22"]
[SourceVersion "1"]
[SourceVersionDate "2012.11.22"]
[SourceQuality "1"]

1. e4 c5 2. Nf3 d6 3. d4 cxd4 4. Nxd4 Nf6 5. Nc3 e5 6. Nb3 Be6 7. f3 Be7 8. Be3 a6 9. Qd2 0-0 10. 0-0-0 Bxb3 11. axb3 Qa5 12. Bc4 Nc6 13. g4 Nb4 14. f4 Qa1+ 0-1

[Event "Brazil Xadrez Brasil op"]
[Site "Brazil"]
[Date "2010.11.13"]
[Round "3"]
[White "Brito, Paulo Roberto Ferr"]
[Black "De Oliveira, Wagner Rocha"]
[Result "0-1"]
[WhiteElo "1599"]
[BlackElo "1585"]
[PlyCount "68"]
[EventDate "2010.11.12"]
[EventType "swiss"]
[EventRounds "7"]
[EventCountry "BRA"]
[SourceTitle "EXT 2013"]
[Source "ChessBase"]
[SourceDate "2012.11.22"]
[SourceVersion "1"]
[SourceVersionDate "2012.11.22"]
[SourceQuality "1"]

1. d4 Nf6 2. e3 d5 3. Bd3 Nc6 4. f4 Nb4 5. Bb5+ c6 6. Ba4 Bf5 7. a3 Na6 8. Nf3 Ne4 9. c3 e6 10. 0-0 Be7 11. Bc2 h6 12. Bd3 Nc7 13. Qc2 0-0 14. Nbd2 Nd6 15. e4 dxe4 16. Nxe4 Nxe4 17. Bxe4 Bxe4 18. Qxe4 Bf6 19. Ne5 Nd5 20. f5 exf5 21. Qxf5 Bxe5 22. Qxe5 Qd7 23. Qg3 Kh8 24. Bd2 Rae8 25. Rf2 Re6 26. Raf1 f6 27. Qh3 Rfe8 28. Re2 Qf7 29. Ref2 Qg6 30. Qf3 Nb6 31. b3 Qf7 32. c4 Qd7 33. Bc3 Re3 34. Qh5 Rxc3 0-1

[Event "Brazil Xadrez Brasil op"]
[Site "Brazil"]
[Date "2010.11.13"]
[Round "2"]
[White "Da Silva Santos, Henry Franklin"]
[Black "Brito, Paulo Roberto Ferr"]
[Result "1-0"]
[WhiteElo "1573"]
[BlackElo "1599"]
[PlyCount "61"]
[EventDate "2010.11.12"]
[EventType "swiss"]
[EventRounds "7"]
[EventCountry "BRA"]
[SourceTitle "EXT 2013"]
[Source "ChessBase"]
[SourceDate "2012.11.22"]
[SourceVersion "1"]
[SourceVersionDate "2012.11.22"]
[SourceQuality "1"]

1. c4 c5 2. Nc3 Nc6 3. g3 b6 4. Bg2 Bb7 5. d3 Nf6 6. e4 d6 7. Nge2 e6 8. 0-0 Be7 9. f4 0-0 10. f5 Nd4 11. Nxd4 cxd4 12. Ne2 e5 13. h3 Nd7 14. Bd2 a5 15. a3 Nc5 16. Qc2 Bg5 17. Bxg5 Qxg5 18. Rf3 Qe7 19. f6 gxf6 20. Raf1 Nd7 21. Rf5 Kh8 22. Rh5 Rg8 23. Qd2 Rg6 24. g4 Rag8 25. Ng3 Nc5 26. Nf5 Qd8 27. b4 axb4 28. axb4 Ne6 29. Qf2 Nf4 30. Rxh7+ Kxh7 31. Qh4+ 1-0